00486nmm a2200169Ia 4500008004100000020001800041041000800059100001900067245003200086264005600118300001800174490003200192650001700224856005100241942000700292999001700299251105s9999||||xx |||||||||||||||||und|| a9789560006691 aspa aGravano, Ariel 0aAntropología de lo urbano a[Santiago de Chile, Chile] :bLOM Ediciones, c2016 a296 páginas aCiencias Sociales y Humanas aAnthropology uhttps://public.digitaliapublishing.com/a/41630 cCF c93543d93543